| Record ID | marc_records_scriblio_net/part24.dat:44951399:783 |
| Source | Scriblio |
| Download Link | /show-records/marc_records_scriblio_net/part24.dat:44951399:783?format=raw |
LEADER: 00783cam 2200241 a 4500
001 94006249
003 DLC
005 20031223210906.0
008 940204s1995 nyua j 000 1 eng
010 $a 94006249
020 $a0688135013
040 $aDLC$cDLC$dDLC
042 $alcac
050 00 $aPZ7.C67345$bJac 1995
082 00 $a[E]$220
100 1 $aCole, Henry,$d1955-
245 10 $aJack's garden /$cHenry Cole.
250 $a1st ed.
260 $aNew York :$bGreenwillow Books,$cc1995.
300 $a1 v. (unpaged) :$bcol. ill. ;$c23 x 30 cm.
520 $aCumulative text and illustrations depict what happens in Jack's garden after he plants his seeds.
650 1 $aGardening$xFiction.
856 42 $3Publisher description$uhttp://www.loc.gov/catdir/description/hc044/94006249.html